Haze /
What lies beneath the millions of orbiting nanotech satellites that shroud the world called Haze? Major Keir Roget's mission is to make planetfall in secret, find out, and report back to his superiors in the Federation, the Chinese-dominated government that rules Earth and the colonized planets...
Saved in:
| Main Author: | |
|---|---|
| Format: | Book |
| Language: | English |
| Published: |
New York :
Tor,
2009.
|
| Edition: | 1st ed. |
| Subjects: | |
| Tags: |
Add Tag
No Tags, Be the first to tag this record!
|
| LEADER | 01207cam a22003494a 4500 | ||
|---|---|---|---|
| 001 | 012012159-X | ||
| 005 | 20090729172937.0 | ||
| 008 | 081124s2009 nyu 000 1 eng | ||
| 010 | |a 2008050610 | ||
| 015 | |a GBA939470 |2 bnb | ||
| 016 | 7 | |a 015116974 |2 Uk | |
| 020 | |a 9780765323026 | ||
| 020 | |a 0765323028 | ||
| 035 | 0 | |a ocn276335005 | |
| 040 | |a DLC |c DLC |d BTCTA |d YDXCP |d UPZ |d UKM |d C#P |d BWX |d VP@ |d KYL |d NXA | ||
| 050 | 0 | 0 | |a PS3563.O264 |b H39 2009 |
| 082 | 0 | 0 | |a 813/.54 |2 22 |
| 082 | 4 | |a 810 | |
| 100 | 1 | |a Modesitt, L. E. | |
| 245 | 1 | 0 | |a Haze / |c L.E. Modesitt, Jr. |
| 250 | |a 1st ed. | ||
| 260 | |a New York : |b Tor, |c 2009. | ||
| 300 | |a 303 p. ; |c 25 cm. | ||
| 500 | |a "A Tom Doherty Associates book." | ||
| 520 | |a What lies beneath the millions of orbiting nanotech satellites that shroud the world called Haze? Major Keir Roget's mission is to make planetfall in secret, find out, and report back to his superiors in the Federation, the Chinese-dominated government that rules Earth and the colonized planets. | ||
| 655 | 0 | |a Science fiction. | |
| 650 | 0 | |a Science fiction. | |
| 650 | 0 | |a Fantasy fiction. | |
| 655 | 7 | |a Science fiction. |2 gsafd | |
| 988 | |a 20090623 | ||
| 049 | |a HLSS | ||
| 906 | |0 DLC | ||


